|
|
|
|
| LEADER |
00673cam a2200217 a 4500 |
| 001 |
0000116786 |
| 005 |
20091124090000.0 |
| 040 |
|
|
|a mod
|
| 041 |
|
|
|a eng
|
| 020 |
0 |
0 |
|a 8123913389
|
| 090 |
0 |
0 |
|a 615.1
|b UDA
|e 2006
|
| 100 |
1 |
0 |
|a Udaykumar
|h Padmaja
|
| 245 |
1 |
0 |
|a Textbook of medical pharmacology
|c Padmaja Udaykumar
|
| 250 |
0 |
0 |
|a 2nd. ed.
|
| 260 |
0 |
0 |
|a New Delhi
|b CBS Publishers & Distributors
|c 2006
|
| 300 |
|
|
|a 581 p.
|b col. ill
|c 25 cm
|
| 504 |
0 |
0 |
|a Includes bibliographical references and index
|
| 650 |
0 |
0 |
|a Clinical Pharmacology
|
| 650 |
0 |
0 |
|a Clinical pharmacology
|x Examinations
|x Study guides
|
| 852 |
0 |
0 |
|a 01
|
| 999 |
|
|
|a 0282808
|b INSAN
|d BOOKS
|e Umum
|f INSAN
|j AVAILABLE
|q GOOD CONDITION
|